000 00312nam a22001097a 4500
999 _c4112
_d4112
008 250121b ||||| |||| 00| 0 eng d
020 _a9781780555751
082 _a523 ADE
100 _aDR MAGGIE ADERIN
_eADERIN,DR MAGGIE
245 _aGRAND TOUR OF THE SOLAR SYSTEM
942 _2ddc
_h523 ADE